The loyalty link : How loyal employees create loyal customers

Gespeichert in:
Bibliographische Detailangaben
1. Verfasser: McCarthy, Dennis G.
Format: Buch
Sprache:Undetermined
Veröffentlicht: New York Wiley 1997
Schlagworte:
Tags: Tag hinzufügen
Keine Tags, Fügen Sie den ersten Tag hinzu!
Thư viện lưu trữ: Trung tâm Học liệu Trường Đại học Cần Thơ
LEADER 00535nam a2200193Ia 4500
001 CTU_98196
008 210402s9999 xx 000 0 und d
082 |a 658.8 
082 |b M123 
100 |a McCarthy, Dennis G. 
245 4 |a The loyalty link : 
245 0 |b How loyal employees create loyal customers 
245 0 |c Dennis G. McCarthy 
260 |a New York 
260 |b Wiley 
260 |c 1997 
650 |a Customer relations,Employee loyalty 
904 |i M.Loan 
980 |a Trung tâm Học liệu Trường Đại học Cần Thơ